The commissioning of electrical plant and associated problems, (Record no. 545449)

000 -LEADER
fixed length control field 00670cam a22001811 4500
082 ## - DEWEY DECIMAL CLASSIFICATION NUMBER
Classification number 621.3121
Author Mark RIC
-- L-10, P-45
100 1# - MAIN ENTRY--PERSONAL NAME
Personal name Richardson, Ralph Cyril H.
9 (RLIN) 41304
245 14 - TITLE STATEMENT
Title The commissioning of electrical plant and associated problems,
Statement of responsibility, etc. by R. C. H. Richardson.
250 ## - EDITION STATEMENT
Edition statement 2d ed., rev.
260 ## - PUBLICATION, DISTRIBUTION, ETC.
Place of publication, distribution, etc. London,
Name of publisher, distributor, etc. Chapman & Hall,
Date of publication, distribution, etc. 1946.
300 ## - PHYSICAL DESCRIPTION
Extent xi, 372 p.
Other physical details diagrs.
Dimensions 23 cm.
490 1# - SERIES STATEMENT
Series statement A series of monographs on electrical engineering under the editorship of H. P. Young ... Vol. v
526 ## - STUDY PROGRAM INFORMATION NOTE
Program name 0
Interest level 0
Reading level 0
Title point value 621_312100000000000_RIC
650 #0 - SUBJECT ADDED ENTRY--TOPICAL TERM
Topical term or geographic name entry element Electric power-plants.
9 (RLIN) 35699
650 #0 - SUBJECT ADDED ENTRY--TOPICAL TERM
Topical term or geographic name entry element Electrical engineering.
650 #0 - SUBJECT ADDED ENTRY--TOPICAL TERM
Topical term or geographic name entry element MCE
9 (RLIN) 379
942 ## - ADDED ENTRY ELEMENTS (KOHA)
Source of classification or shelving scheme
Koha item type Book
Holdings
Withdrawn status Lost status Source of classification or shelving scheme Damaged status Not for loan Permanent Location Current Location Date acquired Total Checkouts Full call number Barcode Date last seen Price effective from Koha item type
          Military College of Engineering (MCE) Military College of Engineering (MCE) 05/22/2014   621.3121 RIC MCE-29919 05/22/2014 05/22/2014 Book
© 2023 Central Library, National University of Sciences and Technology. All Rights Reserved.